Obálka Náhled e-knihy:
PDF Epub
Pro půjčování e-knih musíte být přihlášeni.
Jak si půjčit online?

Úsvit žrebovania - Hry o život 0.5 /

Blíži sa päťdesiaty ročník Hier o život a obvody v Paneme zachváti strach. Tento rok sa totiž konajú Hry štvrťstoročia a na ich počesť si Sídlo vyžiadalo dvojnásobný počet súťažiacich. Vyžrebovaného Haymitcha Abernathyho vytrhnú od rodiny a lásky jeho života a odvezú do Sídla s ďalšími tromi vyvolen...

Celý popis

Uloženo v:
Hlavní autor: Collins, Suzanne (Autor)
Médium: E-kniha
Jazyk:Czech
Vydáno: Praha : Albatros Media Slovakia s.r.o., 2025
Tagy:
Žádné tagy
LEADER 01580nam a22002297i 4500
001 303387
007 ta
008 260519s2025 xr ||||| |||| 00| 0 cze d
020 |a 9788056647745 
044 |a xr 
100 1 |a  Collins, Suzanne  |4 aut 
245 1 0 |a Úsvit žrebovania - Hry o život 0.5 /  |c  Collins, Suzanne 
240 1 0 |a Sunrise on the Reaping 
264 1 |a Praha :  |b Albatros Media Slovakia s.r.o.,  |c 2025 
300 |a 1 online zdroj (432 stran) 
336 |a text  |b txt  |2 rdacontent 
337 |a bez média  |b n  |2 rdamedia 
338 |a online zdroj  |b cr  |2 rdacarrier 
520 2 |a Blíži sa päťdesiaty ročník Hier o život a obvody v Paneme zachváti strach. Tento rok sa totiž konajú Hry štvrťstoročia a na ich počesť si Sídlo vyžiadalo dvojnásobný počet súťažiacich. Vyžrebovaného Haymitcha Abernathyho vytrhnú od rodiny a lásky jeho života a odvezú do Sídla s ďalšími tromi vyvolenými z Dvanásteho obvodu. Hneď ako sa Hry začnú, Haymitch pochopí, že je predurčený na neúspech. No niečo v jeho vnútri túži bojovať a chce, aby sa tento boj rozliehal ako ozvena ďaleko za hranice smrtiacej arény. 
910 |a RBIT002 
998 |d 426936  |a https://core.palmknihy.cz/api/books/426936/cover?tesghu  |b https://core.palmknihy.cz/api/books/426936/cover/400?tesghu  |c https://core.palmknihy.cz/api/books/426936/cover/50?tesghu  |e 2029-07-12  |g 432  |i 9788056647745  |j https://core.palmknihy.cz/api/books/426936/preview.epub  |k https://core.palmknihy.cz/api/books/426936/preview.pdf  |l   |q 49  |r 1  |s https://www.palmknihy.cz/kniha/426936  |t ebook  |y 2025  |z 1 
999 |d 303385